V Krasnim Brodi sja odbyla istorična podija

Bibliographic Details
Main Author: Gaj, Marek (Author)
Format: Article
Language:Slavic languages
Subjects:

MARC

LEADER 00000nab a2200000 a 4500
001 vtls000804111
003 SK-MaSNL
005 20260318121904.0
008 240612c2002 xo 0 sla
015 |a SNBRB2002/08-25622 
035 |a CLN000155766 
040 |a SNKBUCL  |b slo  |c SNKBUCL  |e AACR2 
041 0 |a sla  |a rue 
044 |a xo  |c SK 
080 |a 726.71  |2 UDC-MRF-SK2 
080 |a 267:281.94(437.6)  |2 UDC-MRF-SK2 
080 |a 281.94(437.6)  |2 UDC-MRF-SK2 
100 1 |a Gaj, Marek  |4 aut  |9 341209 
245 1 0 |a V Krasnim Brodi sja odbyla istorična podija  |c Marek Gaj 
610 2 7 |a Monastyr zoslania sv. Ducha (Krásny Brod, Slovensko)  |2 snkbucl  |9 1584856 
610 2 7 |a Gréckokatolícka cirkev  |x kláštory  |z Krásny Brod (Slovensko)  |2 snkbucl  |9 1588126 
650 0 7 |a kláštory  |z Krásny Brod (Slovensko)  |x 2002  |2 snkbucl  |9 1588127 
651 7 |a Medzilaborce (Slovensko : okres)  |2 snkbucl  |9 29394 
651 7 |a 520411  |2 snkbucl  |9 874422 
655 7 |a články z novín a časopisov  |2 snkbucl  |9 267496 
773 0 |t Narodny novynky  |g Roč. 12, č. 24-25 (2002), s. 290 
850 |a Slovenská národná knižnica v Martine 
852 |a SNK  |b KIS3GCP 
999 |c 3255028  |d 3256958